| 000 | 004790000a22001690004500 | ||
|---|---|---|---|
| 003 | MACL | ||
| 005 | 20180303171418.0 | ||
| 008 | 180303b xxu||||| |||| 00| 0 eng d | ||
| 040 | _cmacl | ||
| 082 | _a891.433/N | ||
| 100 |
_aपुष्पा, मैत्रेय _971003 |
||
| 245 | _aकही ईसुरी फाग | ||
| 260 |
_bराजकमल प्रकाशन _c2004 |
||
| 350 | _a295 | ||
| 650 |
_a नोवेल, _971004 |
||
| 942 |
_cHIN _k891 _2ddc |
||
| 999 |
_c18080 _d18080 |
||